000 00900nam a2200229 u 4500
001 000020286
005 20200929170340.0
008 100813s1989 sp r 000 0 spa d
020 _z844027409 (v.1)
040 _aDO-SdBNP
_bspa
_cBNPHU
082 _axxx
_bxxxx
100 1 _aChurchill, Winston Leonard Spencer,
_d1874-1965.
_942918
240 1 3 _aThe second world war (1948-1954). The gatering storm.
245 1 0 _aMemorias :
_bla segunda guerra mundial /
_cWinston S. Churchill ; Traducción, Juan G. de Lucas.
260 _aBarcelona :
_bEdiciones Orbis,
_c1989.
300 _av. ;
_c20 cm.
490 1 _aBiblioteca de historia ;
_v15/20
504 _aIncluye referencias bibliográficas y notas al pie de las páginas
505 0 _av.1 : Como se fraguo la tormenta : Parte 1 De guerra a guerra.
700 1 2 _aLucas, Juan G. de,
_etr.
_942919
830 0 _aBiblioteca de historia ;
_n15/20
_942920
999 _c19790
_d19790